[Event "China - India (match) 2015"]
[Site "Hyderabad IND"]
[Date "2015.03.09"]
[Round "7"]
[White "Sasikiran, Krishnan"]
[Black "Wei, Yi"]
[Result "0-1"]
[WhiteElo "2682"]
[BlackElo "2706"]
[PlyCount "80"]
[EventDate "2015.03.02"]

1. d4 Nf6 2. c4 g6 3. f3 d5 4. cxd5 Nxd5 5. e4 Nb6 6. Nc3 Bg7 7. Be3 O-O 8. Qd2
e5 9. d5 c6 10. h4 cxd5 11. exd5 N8d7 12. h5 Nf6 13. hxg6 fxg6 14. O-O-O Qd6
15. Kb1 Bf5+ 16. Ka1 h5 17. Nh3 e4 18. Bh6 Rad8 19. Bxg7 Kxg7 20. Nf4 Rfe8 21.
Bb5 e3 22. Qd4 Re5 23. Bd3 Nbxd5 24. Nfxd5 Bxd3 25. Rxd3 Nxd5 26. f4 Nxc3 27.
Qxd6 Rxd6 28. Rxd6 Rd5 29. Rxd5 Nxd5 30. g3 Kf6 31. Rd1 Ke6 32. Kb1 h4 33. gxh4
e2 34. Re1 Nxf4 35. Kc2 Kf5 36. Kd2 Ke4 37. b4 Kf3 38. a4 Kf2 39. b5 b6 40. Rh1
Ng2 0-1

[Event "China - India (match) 2015"]
[Site "Hyderabad IND"]
[Date "2015.03.10"]
[Round "8"]
[White "Wei, Yi"]
[Black "Sasikiran, Krishnan"]
[Result "1/2-1/2"]
[WhiteElo "2706"]
[BlackElo "2682"]
[PlyCount "87"]
[EventDate "2015.02.28"]

1. e4 e5 2. Nf3 Nc6 3. Nc3 Nf6 4. Bb5 Bb4 5. O-O O-O 6. d3 d6 7. Ne2 Ne7 8. c3
Ba5 9. Ng3 c6 10. Ba4 Ng6 11. Re1 Re8 12. h3 h6 13. d4 b5 14. Bc2 c5 15. Bd2
Rb8 16. dxc5 dxc5 17. Qc1 Bc7 18. Be3 Bd6 19. a4 a6 20. axb5 axb5 21. Nf5 Bxf5
22. exf5 Nf4 23. Nd2 c4 24. Qb1 Bc5 25. Bxc5 Qd5 26. Ne4 Nxe4 27. Bxe4 Qxc5 28.
Qc2 Red8 29. Rad1 Nh5 30. Qe2 Nf6 31. Bb1 Qc7 32. Bc2 Rxd1 33. Rxd1 Rd8 34.
Rxd8+ Qxd8 35. b3 Qd5 36. bxc4 bxc4 37. Bb1 e4 38. Ba2 Qd3 39. Bxc4 Qxc3 40.
Qa2 Qc1+ 41. Kh2 Qf4+ 42. Kg1 Qc1+ 43. Kh2 Qf4+ 44. Kg1 1/2-1/2

[Event "Reykjavik Open 2015"]
[Site "Reykjavik ISL"]
[Date "2015.03.10"]
[Round "1"]
[White "Mamedyarov, Shakhriyar"]
[Black "Lux, Gregory"]
[Result "1-0"]
[WhiteElo "2756"]
[BlackElo "2065"]
[PlyCount "55"]
[EventDate "2015.03.10"]

1. d4 Nf6 2. c4 e5 3. dxe5 Ne4 4. a3 Nc6 5. Nf3 d6 6. Bf4 g5 7. Be3 g4 8. Nfd2
Ng5 9. exd6 Bxd6 10. Nc3 f5 11. g3 Ne6 12. h3 f4 13. gxf4 Bxf4 14. Bxf4 Nxf4
15. e3 g3 16. fxg3 Qe7 17. gxf4 Qh4+ 18. Ke2 Bg4+ 19. hxg4 Qxh1 20. Nf3 Rd8 21.
Nd5 O-O 22. Kf2 Rd6 23. Bd3 Qh6 24. g5 Qg7 25. Qc2 h6 26. Rg1 Kh8 27. gxh6 Qxh6
28. Qc3+ 1-0

[Event "Reykjavik Open 2015"]
[Site "Reykjavik ISL"]
[Date "2015.03.11"]
[Round "2"]
[White "Ragnarsson, Dagur"]
[Black "Mamedyarov, Shakhriyar"]
[Result "0-1"]
[WhiteElo "2347"]
[BlackElo "2756"]
[PlyCount "56"]
[EventDate "2015.03.10"]

1. c4 f5 2. g3 Nf6 3. Bg2 g6 4. Nf3 Bg7 5. O-O O-O 6. d4 d6 7. Nc3 c6 8. d5 e5
9. dxe6 Bxe6 10. Bf4 Bxc4 11. Bxd6 Re8 12. Qd4 Ba6 13. Qb4 Qb6 14. Rfd1 Nbd7
15. e3 Ne4 16. Na4 Qxb4 17. Bxb4 Nb6 18. Nxb6 axb6 19. Ba3 Be2 20. Re1 Bc4 21.
Rad1 b5 22. Rd7 c5 23. Rc1 b6 24. Rb7 Bxa2 25. Rxb6 b4 26. Bxb4 cxb4 27. Rxb4
Reb8 28. Rxb8+ Rxb8 0-1

[Event "Reykjavik Open 2015"]
[Site "Reykjavik ISL"]
[Date "2015.03.11"]
[Round "2"]
[White "Loos, Roland"]
[Black "Eljanov, Pavel"]
[Result "0-1"]
[WhiteElo "2337"]
[BlackElo "2727"]
[PlyCount "71"]
[EventDate "2015.03.10"]

1. Nf3 d5 2. d4 Nf6 3. c4 e6 4. Nc3 c6 5. e3 Nbd7 6. Qc2 Bd6 7. Be2 dxc4 8.
Bxc4 O-O 9. O-O e5 10. Rd1 Qc7 11. h3 exd4 12. exd4 Nb6 13. Bb3 Re8 14. Bg5
Nfd5 15. a3 Be6 16. Re1 h6 17. Bh4 Nxc3 18. Bxe6 Ncd5 19. Bf5 g5 20. Bg3 Bxg3
21. fxg3 Qxg3 22. Be6 Rxe6 23. Rxe6 fxe6 24. Qg6+ Kf8 25. Qxh6+ Ke7 26. Qg7+
Kd6 27. Nxg5 Qe3+ 28. Kh1 Re8 29. Rf1 Re7 30. Nf7+ Kc7 31. Qf8 Rd7 32. Ne5 Qxd4
33. Nxd7 Nxd7 34. Qe8 Nf4 35. Rf3 Qxb2 36. Kg1 0-1

[Event "Reykjavik Open 2015"]
[Site "Reykjavik ISL"]
[Date "2015.03.11"]
[Round "3"]
[White "Mamedyarov, Shakhriyar"]
[Black "Bekker-Jensen, Simon"]
[Result "1-0"]
[WhiteElo "2756"]
[BlackElo "2462"]
[PlyCount "79"]
[EventDate "2015.03.10"]

1. d4 Nf6 2. c4 g6 3. Nf3 Bg7 4. e3 O-O 5. Be2 d6 6. Nc3 Nbd7 7. O-O e5 8. Qc2
Re8 9. Re1 c6 10. b4 Nf8 11. a4 exd4 12. exd4 Bf5 13. Qb3 Ne4 14. Bb2 Ne6 15.
Rad1 Qf6 16. Nxe4 Bxe4 17. g3 d5 18. c5 Bxf3 19. Bxf3 Ng5 20. Bg2 Qf5 21. b5
Qd7 22. a5 Rxe1+ 23. Rxe1 Ne6 24. a6 Rd8 25. Bh3 bxa6 26. Bxe6 fxe6 27. bxa6
Qc8 28. Qd3 Qd7 29. Bc1 Rb8 30. Bf4 Rb4 31. Be5 Bxe5 32. Rxe5 Qe7 33. h4 Qf6
34. Qc3 Rb5 35. Kg2 Kf7 36. Re3 Ke8 37. Rf3 Qg7 38. Qe3 Kd7 39. Qf4 e5 40. Qg4+
1-0

[Event "Reykjavik Open 2015"]
[Site "Reykjavik ISL"]
[Date "2015.03.11"]
[Round "3"]
[White "Gunnarsson, Jon Viktor"]
[Black "Navara, David"]
[Result "1/2-1/2"]
[WhiteElo "2443"]
[BlackElo "2736"]
[PlyCount "120"]
[EventDate "2015.03.10"]

1. e4 c6 2. d4 d5 3. Nc3 dxe4 4. Nxe4 Bf5 5. Ng3 Bg6 6. h4 h6 7. Nf3 e6 8. Ne5
Bh7 9. Bd3 Bxd3 10. Qxd3 Nd7 11. f4 Bb4+ 12. c3 Bd6 13. Qe2 Be7 14. h5 Ngf6 15.
f5 Nxe5 16. dxe5 Nd7 17. fxe6 fxe6 18. O-O Bc5+ 19. Be3 Qg5 20. Bxc5 Nxc5 21.
Qf2 O-O-O 22. Qxc5 Qxg3 23. Qxa7 Rd7 24. Rad1 Rxd1 25. Rxd1 Qxe5 26. Qa8+ Qb8
27. Qxb8+ Kxb8 28. Rd7 Rg8 29. Re7 g6 30. Rxe6 gxh5 31. Rxh6 Rg5 32. Rf6 Kc7
33. Kf2 b5 34. g3 c5 35. b3 Rd5 36. Ke2 Re5+ 37. Kf3 Re1 38. Rf5 Kd6 39. Rf6+
Kc7 40. Rf5 Kb6 41. b4 c4 42. Rxh5 Rc1 43. g4 Rxc3+ 44. Kf4 Rc2 45. Rc5 Rxa2
46. g5 Rb2 47. g6 Rxb4 48. Rc8 c3+ 49. Kf3 c2 50. Rxc2 Ra4 51. g7 Ra8 52. Rg2
Rg8 53. Ke4 b4 54. Kd5 b3 55. Ke6 Kc5 56. Kf7 Rxg7+ 57. Kxg7 Kb4 58. Kf6 Ka3
59. Ke5 b2 60. Rxb2 Kxb2 1/2-1/2

[Event "Reykjavik Open 2015"]
[Site "Reykjavik ISL"]
[Date "2015.03.11"]
[Round "3"]
[White "Eljanov, Pavel"]
[Black "Petrov, Nikita"]
[Result "1-0"]
[WhiteElo "2727"]
[BlackElo "2435"]
[PlyCount "61"]
[EventDate "2015.03.10"]

1. d4 Nf6 2. Nf3 d5 3. c4 c6 4. e3 Bg4 5. Nc3 e6 6. h3 Bh5 7. g4 Bg6 8. Ne5
Nbd7 9. Nxg6 hxg6 10. Bd2 Be7 11. Qf3 g5 12. Bd3 g6 13. O-O-O Qb6 14. c5 Qc7
15. e4 dxe4 16. Bxe4 Nd5 17. Bxd5 cxd5 18. Rde1 Qc6 19. b4 O-O 20. h4 Bf6 21.
b5 Qc7 22. Qd3 gxh4 23. g5 Bg7 24. Rxh4 Rfc8 25. Reh1 Nxc5 26. dxc5 Qxc5 27.
Kd1 Qxf2 28. Qh3 Kf8 29. Rf1 Qb6 30. Nxd5 exd5 31. Qd7 1-0

[Event "Reykjavik Open 2015"]
[Site "Reykjavik ISL"]
[Date "2015.03.12"]
[Round "4"]
[White "Tari, Aryan"]
[Black "Eljanov, Pavel"]
[Result "0-1"]
[WhiteElo "2509"]
[BlackElo "2727"]
[PlyCount "58"]
[EventDate "2015.03.10"]

1. e4 c5 2. Nf3 e6 3. d4 cxd4 4. Nxd4 Nc6 5. Nc3 Qc7 6. Be3 a6 7. Qf3 Bd6 8.
Nxc6 bxc6 9. O-O-O Rb8 10. Bd4 Nf6 11. Qd3 c5 12. Bxf6 Bf4+ 13. Kb1 gxf6 14. g3
Be5 15. f4 Bd4 16. b3 Bb7 17. Bg2 f5 18. Rhe1 O-O 19. Bh1 Qa5 20. Ne2 fxe4 21.
Qd2 Qxd2 22. Rxd2 Bf2 23. Rf1 d5 24. Nc3 Bd4 25. Na4 Bc6 26. c3 Bxa4 27. cxd4
c4 28. Kb2 cxb3 29. a3 Rfc8 0-1

[Event "Reykjavik Open 2015"]
[Site "Reykjavik ISL"]
[Date "2015.03.12"]
[Round "4"]
[White "Navara, David"]
[Black "Kristjansson, Stefan"]
[Result "1-0"]
[WhiteElo "2736"]
[BlackElo "2482"]
[PlyCount "55"]
[EventDate "2015.03.10"]

1. d4 Nf6 2. c4 e6 3. Nf3 c5 4. d5 d6 5. Nc3 exd5 6. cxd5 g6 7. Nd2 a6 8. a4
Nbd7 9. e4 Bg7 10. Be2 O-O 11. O-O Rb8 12. h3 Ne8 13. Re1 Nc7 14. a5 b5 15.
axb6 Nxb6 16. Nb3 Bd7 17. Bf4 Nc8 18. Bxa6 Nxa6 19. Rxa6 Rb6 20. Ra3 Re8 21. e5
c4 22. e6 Rxb3 23. Bg5 Qc7 24. exd7 Rxe1+ 25. Qxe1 Qxd7 26. Ra8 h6 27. Qe7 Qf5
28. g4 1-0

[Event "Reykjavik Open 2015"]
[Site "Reykjavik ISL"]
[Date "2015.03.12"]
[Round "4"]
[White "Steingrimsson, Hedinn"]
[Black "Mamedyarov, Shakhriyar"]
[Result "0-1"]
[WhiteElo "2530"]
[BlackElo "2756"]
[PlyCount "124"]
[EventDate "2015.03.10"]

1. d4 g6 2. e4 d6 3. c4 Bg7 4. Nc3 Nc6 5. d5 Ne5 6. f4 Nd7 7. Nh3 Nc5 8. Nf2 e5
9. Be2 exf4 10. Bxf4 Nf6 11. e5 dxe5 12. Bxe5 O-O 13. O-O Re8 14. Bd4 Ncd7 15.
b4 a5 16. a3 axb4 17. axb4 Rxa1 18. Qxa1 c5 19. bxc5 Nxc5 20. Bxc5 Nd7 21. Bd6
Rxe2 22. Qc1 Re8 23. Nb5 Nf6 24. Bf4 Re2 25. Re1 Rxe1+ 26. Qxe1 Bd7 27. Nd6 Qb6
28. h3 Bf8 29. Nde4 Nxe4 30. Qxe4 Bc5 31. Qe2 h5 32. Bg3 f5 33. Bf4 h4 34. Kf1
Qb1+ 35. Qd1 Qa2 36. Qe2 Qb1+ 37. Qd1 Qb4 38. Qc1 Qb3 39. Kg1 g5 40. Be5 f4 41.
Ba1 Bxh3 42. Qe1 Kf8 43. Qe5 Bxf2+ 44. Kxf2 Qg3+ 45. Ke2 Qxg2+ 46. Kd3 Qf1+ 47.
Kc2 Qf2+ 48. Kb1 Qb6+ 49. Ka2 Qa6+ 50. Kb3 Qb6+ 51. Ka2 Qg6 52. Bd4 Bd7 53. Kb2
h3 54. d6 Be6 55. Qh8+ Kf7 56. Qd8 Qf5 57. Qe7+ Kg6 58. Qe8+ Qf7 59. Qh8 f3 60.
Qe5 f2 61. Qe4+ Qf5 62. Qxb7 f1=Q 0-1

[Event "Reykjavik Open 2015"]
[Site "Reykjavik ISL"]
[Date "2015.03.13"]
[Round "5"]
[White "Mamedyarov, Shakhriyar"]
[Black "Gretarsson, Hjorvar Steinn"]
[Result "1-0"]
[WhiteElo "2756"]
[BlackElo "2554"]
[PlyCount "51"]
[EventDate "2015.03.10"]

1. d4 d5 2. c4 e6 3. Nf3 Nf6 4. Nc3 Be7 5. Bf4 O-O 6. e3 Nbd7 7. Qc2 c5 8. Rd1
Qa5 9. Nd2 cxd4 10. exd4 dxc4 11. Nxc4 Qd8 12. Bd3 Nb6 13. O-O Nxc4 14. Bxc4
Qb6 15. Rfe1 Re8 16. Nb5 Nd5 17. Bxd5 Qxb5 18. Be4 g6 19. Re3 a5 20. Be5 a4 21.
Rg3 f5 22. Bd3 Qd7 23. Qe2 Bh4 24. Bb5 Qe7 25. Rc3 Bd7 26. Bxd7 1-0

[Event "Reykjavik Open 2015"]
[Site "Reykjavik ISL"]
[Date "2015.03.13"]
[Round "5"]
[White "Eljanov, Pavel"]
[Black "Stopa, Jacek"]
[Result "1/2-1/2"]
[WhiteElo "2727"]
[BlackElo "2544"]
[PlyCount "110"]
[EventDate "2015.03.10"]

1. d4 d5 2. Nf3 Nf6 3. c4 e6 4. g3 Be7 5. Bg2 O-O 6. O-O dxc4 7. Ne5 Nc6 8.
Bxc6 bxc6 9. Nxc6 Qe8 10. Nxe7+ Qxe7 11. Qc2 Qd6 12. Rd1 Ba6 13. Nc3 Rab8 14.
e4 Qb4 15. Rb1 Nd7 16. Bf4 Rb7 17. h4 f6 18. h5 c6 19. Qe2 e5 20. Be3 exd4 21.
Bxd4 Ne5 22. Qe3 Nd3 23. h6 gxh6 24. b3 Qd6 25. bxc4 Rxb1 26. Rxb1 c5 27. Nd5
Bxc4 28. Bc3 Ne5 29. Rd1 Qe6 30. Bxe5 Qxe5 31. Qxc5 Bxa2 32. f4 Qxe4 33. Ne7+
Kg7 34. Nf5+ Kg8 35. Nxh6+ Kg7 36. Rd7+ Bf7 37. Nf5+ Kg8 38. Re7 Qb1+ 39. Kh2
Qa2+ 40. Kh3 Qb1 41. g4 h5 42. Nh6+ Kg7 43. Nf5+ Kg8 44. g5 fxg5 45. Nh6+ Kg7
46. Qxg5+ Qg6 47. Kh4 Kh7 48. Nf5 Re8 49. Rxa7 Re1 50. Ng3 Rg1 51. Qxh5+ Qxh5+
52. Nxh5 Rh1+ 53. Kg5 Rxh5+ 54. Kf6 Kg8 55. Rxf7 Rf5+ 1/2-1/2

[Event "Reykjavik Open 2015"]
[Site "Reykjavik ISL"]
[Date "2015.03.13"]
[Round "5"]
[White "Navara, David"]
[Black "Jussupow, Artur"]
[Result "1-0"]
[WhiteElo "2736"]
[BlackElo "2573"]
[PlyCount "83"]
[EventDate "2015.03.10"]

1. d4 f5 2. Bg5 c6 3. c4 d6 4. e3 g6 5. Nc3 Bg7 6. Nf3 Nd7 7. e4 fxe4 8. Nxe4
Ngf6 9. Bd3 Nxe4 10. Bxe4 Nf6 11. Bc2 O-O 12. O-O Bg4 13. h3 Bxf3 14. Qxf3 Qa5
15. Qe3 Rf7 16. b4 Qc7 17. f4 e6 18. Rae1 Re8 19. a3 Rff8 20. Bd3 d5 21. c5 Qd7
22. g4 Ne4 23. Bh4 Rf7 24. Kg2 Ref8 25. Bxe4 dxe4 26. Qxe4 Qd5 27. Kg3 a5 28.
Rf3 axb4 29. axb4 Rd7 30. Qxe6+ Qxe6 31. Rxe6 Rxd4 32. f5 gxf5 33. gxf5 Rxb4
34. Be7 Rf7 35. f6 Bf8 36. Ra3 h5 37. Ra8 h4+ 38. Kf3 Rb3+ 39. Re3 Rb1 40. Re2
Rb3+ 41. Kf4 Rg3 42. Re5 1-0

[Event "Bundesliga 2014/15"]
[Site "Baden-Baden GER"]
[Date "2015.03.14"]
[Round "12"]
[White "Vachier-Lagrave, Maxime"]
[Black "Svidler, Peter"]
[Result "1/2-1/2"]
[WhiteElo "2757"]
[BlackElo "2732"]
[PlyCount "85"]
[EventDate "2014.10.18"]
[EventType "team"]
[WhiteTeam "SV Muelheim Nord"]
[BlackTeam "OSG Baden-Baden"]

1. e4 e5 2. Nf3 Nc6 3. Bb5 a6 4. Ba4 Nf6 5. O-O b5 6. Bb3 Bc5 7. c3 d6 8. d4
Bb6 9. Be3 O-O 10. Nbd2 h6 11. h3 Re8 12. Re1 exd4 13. cxd4 Na5 14. Bc2 Bb7 15.
d5 c6 16. Bxb6 Qxb6 17. b4 Nc4 18. Nxc4 bxc4 19. dxc6 Bxc6 20. Qxd6 Rad8 21.
Qf4 Qxb4 22. e5 Bxf3 23. Qxf3 Qa5 24. Qf5 Rd5 25. Rab1 Rdxe5 26. Rxe5 Qxe5 27.
Qxe5 Rxe5 28. Rb4 Re1+ 29. Kh2 c3 30. Rc4 g5 31. Rxc3 Re2 32. Rc8+ Kg7 33. Kg3
Re5 34. Kf3 h5 35. Rc6 a5 36. Rc7 Ng8 37. Bb3 Ne7 38. g3 f5 39. Ra7 Kf6 40.
Ra6+ Kg7 41. Ra7 Kf6 42. Ra6+ Kg7 43. Ra7 1/2-1/2

[Event "Bundesliga 2014/15"]
[Site "Baden-Baden GER"]
[Date "2015.03.14"]
[Round "12"]
[White "Adams, Michael"]
[Black "Motylev, Alexander"]
[Result "1-0"]
[WhiteElo "2758"]
[BlackElo "2682"]
[PlyCount "81"]
[EventDate "2014.10.18"]
[EventType "team"]
[WhiteTeam "OSG Baden-Baden"]
[BlackTeam "SV Muelheim Nord"]

1. e4 c6 2. Nc3 d5 3. Nf3 Nf6 4. e5 Ne4 5. Ne2 Qb6 6. d4 e6 7. Ng3 c5 8. c3 Nc6
9. Bd3 Nxg3 10. hxg3 cxd4 11. cxd4 Bd7 12. Kf1 Be7 13. g4 Nb4 14. Bb1 Bb5+ 15.
Kg1 Qa6 16. Bg5 h6 17. Bxe7 Kxe7 18. Qd2 Nc6 19. g5 Be2 20. gxh6 gxh6 21. Rh3
Bxf3 22. Rxf3 Qa4 23. Rd3 Qa5 24. Qe3 Rac8 25. a3 Kd7 26. Rb3 Rc7 27. Bd3 Rhc8
28. Bb5 a6 29. Bxc6+ Kxc6 30. Qxh6 b6 31. Rc1+ Kb7 32. Rxc7+ Rxc7 33. Rb4 b5
34. g3 Rc2 35. Kg2 Qc7 36. a4 Qa5 37. Qf8 Qc7 38. axb5 Rxf2+ 39. Kxf2 Qc2+ 40.
Ke3 Qc1+ 41. Kd3 1-0

[Event "Bundesliga 2014/15"]
[Site "Baden-Baden GER"]
[Date "2015.03.14"]
[Round "12"]
[White "Landa, Konstantin"]
[Black "Bacrot, Etienne"]
[Result "1/2-1/2"]
[WhiteElo "2647"]
[BlackElo "2719"]
[PlyCount "57"]
[EventDate "2014.10.18"]
[EventType "team"]
[WhiteTeam "SV Muelheim Nord"]
[BlackTeam "OSG Baden-Baden"]

1. Nf3 Nf6 2. c4 g6 3. Nc3 Bg7 4. e4 d6 5. d4 O-O 6. Be2 e5 7. O-O Nc6 8. d5
Ne7 9. b4 Nh5 10. g3 f5 11. Ng5 Nf6 12. Bf3 Kh8 13. Bb2 Rb8 14. b5 h6 15. Ne6
Bxe6 16. dxe6 fxe4 17. Nxe4 Nxe4 18. Bxe4 Qc8 19. Qg4 Rf6 20. c5 d5 21. Bxe5
Qxe6 22. Qxe6 Rxe6 23. Bxg7+ Kxg7 24. Bd3 Nf5 25. Kg2 a6 26. a4 Nd4 27. Rab1
axb5 28. axb5 Re5 29. Rfd1 1/2-1/2

[Event "Bundesliga 2014/15"]
[Site "Baden-Baden GER"]
[Date "2015.03.14"]
[Round "12"]
[White "Berelowitsch, Alexander"]
[Black "Naiditsch, Arkadij"]
[Result "0-1"]
[WhiteElo "2549"]
[BlackElo "2710"]
[PlyCount "80"]
[EventDate "2014.10.18"]
[EventType "team"]
[WhiteTeam "SV Muelheim Nord"]
[BlackTeam "OSG Baden-Baden"]

1. e4 e5 2. Nf3 Nc6 3. Bb5 a6 4. Ba4 Nf6 5. O-O Be7 6. Re1 b5 7. Bb3 d6 8. c3
O-O 9. h3 Nd7 10. d4 Bf6 11. d5 Ne7 12. a4 Rb8 13. axb5 axb5 14. Bc2 g6 15. b4
Bg7 16. Ra5 f5 17. Ng5 Nf6 18. Na3 h6 19. Ne6 Bxe6 20. dxe6 Nxe4 21. Bxe4 fxe4
22. Rxe4 d5 23. Re2 c6 24. Nc2 Qd6 25. Be3 Qxe6 26. Bc5 Rf7 27. Qe1 Nf5 28. Nd4
Qf6 29. Nxf5 Qxf5 30. Ra6 Rc8 31. Re3 Kh7 32. Rf3 Qe6 33. Re3 Re8 34. Qe2 h5
35. Qe1 e4 36. Re2 Be5 37. h4 Qf6 38. Bd4 Bxd4 39. cxd4 Re6 40. Qc1 Qxd4 0-1

[Event "Bundesliga 2014/15"]
[Site "Dresden GER"]
[Date "2015.03.14"]
[Round "12"]
[White "Jakovenko, Dmitry"]
[Black "Vocaturo, Daniele"]
[Result "1-0"]
[WhiteElo "2747"]
[BlackElo "2590"]
[PlyCount "87"]
[EventDate "2014.10.18"]
[EventType "team"]
[WhiteTeam "SK Schwaebisch Hall"]
[BlackTeam "SF Berlin 1903"]

1. d4 e6 2. c4 Bb4+ 3. Bd2 a5 4. e3 Nf6 5. Bd3 d5 6. Nc3 b6 7. Nf3 O-O 8. O-O
Ba6 9. Qe2 Nbd7 10. a3 Bxc3 11. bxc3 Ne4 12. Rfd1 Nd6 13. cxd5 Bxd3 14. Qxd3
exd5 15. a4 Re8 16. Bc1 Re6 17. Ba3 Nc4 18. Nd2 Nxd2 19. Rxd2 Rc6 20. Rc2 Rc4
21. e4 Nf6 22. e5 Nh5 23. Bc1 Qd7 24. Rb2 g6 25. Rb5 Qc6 26. Bd2 f5 27. exf6
Nxf6 28. f3 Re8 29. Re1 Rxe1+ 30. Bxe1 Rxa4 31. Rb2 Ra1 32. Re2 a4 33. Kf2 a3
34. Qa6 Kf7 35. Bd2 a2 36. Bg5 Qxc3 37. Qc8 Rf1+ 38. Kg3 Nh5+ 39. Kh4 Qxd4+ 40.
g4 Qf2+ 41. Rxf2 Rxf2 42. Qxc7+ Kg8 43. Qb8+ Kf7 44. Qa7+ 1-0

[Event "Bundesliga 2014/15"]
[Site "Dresden GER"]
[Date "2015.03.14"]
[Round "12"]
[White "Mista, Aleksander"]
[Black "Li, Chao b"]
[Result "0-1"]
[WhiteElo "2616"]
[BlackElo "2711"]
[PlyCount "82"]
[EventDate "2014.10.18"]
[EventType "team"]
[WhiteTeam "SF Berlin 1903"]
[BlackTeam "SK Schwaebisch Hall"]

1. Nf3 c5 2. g3 g6 3. Bg2 Bg7 4. O-O Nc6 5. d3 d6 6. Nc3 e6 7. e4 Nge7 8. Rb1
O-O 9. a3 b6 10. Bd2 a5 11. Nb5 h6 12. c4 e5 13. Ne1 f5 14. f4 Be6 15. Qe2 Qd7
16. Nc2 Rae8 17. Bc3 Nd4 18. Nbxd4 exd4 19. Bd2 b5 20. Rfe1 a4 21. Qf1 bxc4 22.
dxc4 Nc8 23. exf5 Bxf5 24. Rbc1 Kh7 25. Rxe8 Rxe8 26. Ne1 Nb6 27. h3 Be6 28.
Ba5 Nxc4 29. Rxc4 Qb5 30. Rc1 Qxa5 31. g4 c4 32. Bc6 Rf8 33. Ng2 d3 34. Be4 Bd5
35. Qf3 Bxe4 36. Qxe4 d5 37. Qe6 Qd2 38. Re1 Qxb2 39. f5 gxf5 40. gxf5 Qf6 41.
Qxd5 Qd4+ 0-1

[Event "Bundesliga 2014/15"]
[Site "Dresden GER"]
[Date "2015.03.14"]
[Round "12"]
[White "Piorun, Kacper"]
[Black "Inarkiev, Ernesto"]
[Result "1-0"]
[WhiteElo "2532"]
[BlackElo "2672"]
[PlyCount "61"]
[EventDate "2014.10.18"]
[EventType "team"]
[WhiteTeam "SF Berlin 1903"]
[BlackTeam "SK Schwaebisch Hall"]

1. e4 c5 2. Nf3 d6 3. d4 cxd4 4. Nxd4 Nf6 5. Nc3 a6 6. g3 e5 7. Nb3 Be7 8. Bg2
b5 9. a4 b4 10. Nd5 Nxd5 11. Qxd5 Ra7 12. Be3 Be6 13. Qd3 Rb7 14. O-O Qc7 15.
Rfc1 Bc4 16. Qd1 O-O 17. c3 Nc6 18. Bf1 Bxf1 19. Qxf1 Ra8 20. Qc4 Bd8 21. Qd3
bxc3 22. Rxc3 Qb8 23. Rxc6 Rxb3 24. Qd5 Qb7 25. Rac1 Rxb2 26. Qxd6 Rb1 27. Qxe5
Qxc6 28. Rxb1 Qxa4 29. Bd4 Kf8 30. Qxg7+ Ke8 31. Rb7 1-0

[Event "Bundesliga 2014/15"]
[Site "Dortmund GER"]
[Date "2015.03.14"]
[Round "12"]
[White "Fressinet, Laurent"]
[Black "Donchenko, Alexander"]
[Result "1-0"]
[WhiteElo "2713"]
[BlackElo "2501"]
[PlyCount "115"]
[EventDate "2014.10.18"]
[EventType "team"]
[WhiteTeam "Werder Bremen"]
[BlackTeam "SC Hansa Dortmund"]

1. d4 Nf6 2. Nf3 e6 3. c4 Bb4+ 4. Bd2 a5 5. Nc3 b6 6. e3 Bxc3 7. Bxc3 Ne4 8.
Qc2 Bb7 9. Bd3 Nxc3 10. Qxc3 d6 11. e4 Nd7 12. O-O O-O 13. Bc2 Qe7 14. Rad1 e5
15. Rfe1 Bc6 16. b3 Rfe8 17. d5 Bb7 18. a3 Nf8 19. Qe3 Bc8 20. Nd2 Bd7 21. Ra1
Ra7 22. Nb1 Ng6 23. g3 h6 24. Nc3 Qg5 25. Kh1 Nf8 26. f4 Qf6 27. Rf1 Raa8 28.
Rf2 Qe7 29. Raf1 exf4 30. gxf4 f5 31. Qd4 Nh7 32. Rg1 Qf6 33. Qd2 Re7 34. Rfg2
Nf8 35. exf5 Bxf5 36. Bxf5 Qxf5 37. Ne2 g6 38. Nd4 Qe4 39. f5 Kh7 40. Qf2 Rae8
41. fxg6+ Nxg6 42. Qf5 Qxf5 43. Nxf5 Nf4 44. Rg4 Nh3 45. Rg7+ Rxg7 46. Rxg7+
Kh8 47. Rxc7 Nf4 48. h4 Re1+ 49. Kh2 Rb1 50. Nxd6 Rxb3 51. Ne4 Kg8 52. d6 Rh3+
53. Kg1 Rd3 54. d7 Kf8 55. c5 bxc5 56. Nxc5 Rd1+ 57. Kf2 Ke7 58. Rc8 1-0

[Event "Reykjavik Open 2015"]
[Site "Reykjavik ISL"]
[Date "2015.03.14"]
[Round "6"]
[White "Mamedyarov, Shakhriyar"]
[Black "Navara, David"]
[Result "1/2-1/2"]
[WhiteElo "2756"]
[BlackElo "2736"]
[PlyCount "63"]
[EventDate "2015.03.10"]

1. d4 Nf6 2. c4 g6 3. g3 c6 4. Bg2 d5 5. e3 dxc4 6. Nd2 Be6 7. Ne2 Bh6 8. Qc2
b5 9. O-O O-O 10. b3 cxb3 11. axb3 a5 12. e4 Na6 13. Qxc6 Bd7 14. Qc2 Nb4 15.
Qb1 Rc8 16. Nf3 Bxc1 17. Rxc1 Rxc1+ 18. Nxc1 Qc7 19. Ne1 Rc8 20. Ncd3 Qc3 21.
d5 Nxd3 22. Nxd3 Qd4 23. Ne1 Ng4 24. Ra2 Ne3 25. Qd3 Qxd3 26. Nxd3 Nxg2 27.
Kxg2 a4 28. Ne5 Be8 29. bxa4 bxa4 30. Nc6 Bxc6 31. dxc6 Rxc6 32. Rxa4 1/2-1/2

[Event "Reykjavik Open 2015"]
[Site "Reykjavik ISL"]
[Date "2015.03.14"]
[Round "6"]
[White "Gao, Rui"]
[Black "Eljanov, Pavel"]
[Result "1/2-1/2"]
[WhiteElo "2533"]
[BlackElo "2727"]
[PlyCount "170"]
[EventDate "2015.03.10"]

1. e4 e5 2. Nf3 Nc6 3. Bb5 a6 4. Ba4 Nf6 5. O-O Be7 6. Re1 b5 7. Bb3 d6 8. c3
O-O 9. h3 Bb7 10. d4 Nd7 11. Nbd2 exd4 12. cxd4 Bf6 13. Nf1 Na5 14. Bc2 Re8 15.
Ng3 g6 16. b3 c5 17. Be3 Nc6 18. Rc1 h5 19. Bb1 h4 20. Ne2 cxd4 21. Nexd4 Nxd4
22. Bxd4 Ne5 23. Nh2 Bg5 24. Be3 Bxe3 25. Rxe3 Qf6 26. Ng4 Qg5 27. Rc7 Bc8 28.
Nxe5 dxe5 29. a4 Be6 30. axb5 axb5 31. Bd3 Red8 32. Qf1 Bxb3 33. Be2 Be6 34.
Bxb5 Rd4 35. Rc1 Ra2 36. Qe1 Kg7 37. Bd3 Qd8 38. Qc3 Qd6 39. Be2 Ra8 40. Qe1
Rd2 41. Bf3 Rd8 42. Re2 Rd4 43. Qa5 Rd3 44. Kh2 Kh6 45. Qc5 Kg5 46. Qxd6 R8xd6
47. Rc7 Ra3 48. Rec2 Rb6 49. Bg4 Bxg4 50. hxg4 Rb1 51. Rc1 Rxc1 52. Rxc1 Kxg4
53. Rc7 f6 54. Rc6 Kg5 55. Re6 Ra2 56. f3 Rb2 57. Kh3 Rf2 58. Kh2 Rf1 59. Re8
Kf4 60. Re6 Kg5 61. Re8 Rf2 62. Re6 Ra2 63. Kh3 Ra3 64. Kh2 Ra8 65. Kh3 Rf8 66.
g3 hxg3 67. Kxg3 Rh8 68. Kg2 Rh4 69. Kg3 Rf4 70. Re7 Kh6 71. Kf2 g5 72. Ke3 Kg6
73. Re6 Kh5 74. Re8 Rh4 75. Rh8+ Kg6 76. Rg8+ Kf7 77. Ra8 Rh2 78. Ra7+ Kg6 79.
Ra8 Rg2 80. Rg8+ Kf7 81. Ra8 g4 82. fxg4 Rxg4 83. Kf3 Rh4 84. Rb8 Rh3+ 85. Kf2
Rh8 1/2-1/2

[Event "Bundesliga 2014/15"]
[Site "Dresden GER"]
[Date "2015.03.15"]
[Round "13"]
[White "Almasi, Zoltan"]
[Black "Jakovenko, Dmitry"]
[Result "1/2-1/2"]
[WhiteElo "2695"]
[BlackElo "2747"]
[PlyCount "40"]
[EventDate "2014.10.18"]
[EventType "team"]
[WhiteTeam "USV TU Dresden"]
[BlackTeam "SK Schwaebisch Hall"]

1. e4 e5 2. Nf3 Nc6 3. Bb5 Nf6 4. d3 Bc5 5. c3 O-O 6. O-O d5 7. Nbd2 dxe4 8.
dxe4 a5 9. h3 Qe7 10. a4 Nb8 11. Re1 Rd8 12. Qc2 Nbd7 13. Bf1 b6 14. Nc4 Ba6
15. Bg5 h6 16. Bh4 Bxc4 17. Bxc4 Nf8 18. Bg3 Ng6 19. Nh4 Nxh4 20. Bxh4 Rd7
1/2-1/2

[Event "Bundesliga 2014/15"]
[Site "Dresden GER"]
[Date "2015.03.15"]
[Round "13"]
[White "Li, Chao b"]
[Black "Gajewski, Grzegorz"]
[Result "1-0"]
[WhiteElo "2711"]
[BlackElo "2643"]
[PlyCount "79"]
[EventDate "2014.10.18"]
[EventType "team"]
[WhiteTeam "SK Schwaebisch Hall"]
[BlackTeam "USV TU Dresden"]

1. e4 c5 2. Nf3 Nc6 3. Nc3 e6 4. d4 cxd4 5. Nxd4 Qc7 6. f4 a6 7. Nxc6 Qxc6 8.
Bd3 b5 9. Qe2 Bb7 10. Bd2 Rc8 11. a3 Bc5 12. O-O-O Ne7 13. Rhf1 b4 14. axb4
Bxb4 15. f5 Qc5 16. Qg4 Qd4 17. Qg3 Bd6 18. Bf4 Bxf4+ 19. Qxf4 O-O 20. Bxa6 Qa7
21. Bxb7 Qxb7 22. Qd6 Nc6 23. Qxd7 Rc7 24. Qd6 Rb8 25. b3 Qc8 26. fxe6 fxe6 27.
Kb2 Rcb7 28. Qc5 Qc7 29. Rd6 Na5 30. Qxc7 Rxc7 31. Nb5 Rc5 32. Na3 Re5 33. Ra6
h5 34. Rd1 Rb4 35. Kc3 Rbxe4 36. b4 Re3+ 37. Kb2 R5e4 38. bxa5 Rb4+ 39. Ka2 Re2
40. Rb6 1-0